000 00879nam a22002177a 4500
999 _c19052
_d19052
003 AR-CdUCM
008 190516b ||||| |||| 00| 0 spa d
040 _aMUNICIPALIDAD PROVINCIAL DEL CUSCO
_cBIBLIOTECA MUNICIPAL DEL CUSCO
082 _a550 /
_bUN59
100 _aUnger, Tomas V.
_940126
245 _aTemas de ciencia /
260 _aLima :
_bEdi. Asociados,
_c1990.
300 _a278 paginas ;
_bIlustraciones,
_c23 cm.
505 _aContenido : El perfecto mecanismo de la reproducción sexual -- Los dinosaurios, amos del mesozoico -- Los genes saltarines del maíz -- Sin patas, pero con grandes recursos -- La distorsión inevitable de los mapas
650 _aLa ciencia
_935943
650 _aFactores climaticos
_940127
650 _aLa naturaleza
_96689
710 _aBanco Central de Reserva del Perú
_91201
942 _2ddc
_cLIBROS
945 _awnts
_d2019-05-16